[Event "AUT-chT2O 9899"]
[Site "AUT"]
[Date "1999.??.??"]
[Round "8"]
[White "Jansa, Vlastimil"]
[Black "Knoflicek, Ctibor"]
[Result "1-0"]
[WhiteElo "2490"]
[BlackElo "2165"]

1.Nf3 d5 2.g3 c6 3.Bg2 Bg4 4.O-O Nd7 5.d3 e6 6.c4 Ngf6 7.Nc3 Bd6 8.cxd5 exd5
9.h3 Bh5 10.e4 O-O 11.g4 Bg6 12.g5 Nh5 13.exd5 cxd5 14.Nxd5 Nc5 15.Nh4 Ne6
16.Qg4 Re8 17.Be3 Nc5 18.Rfd1 Rc8 19.Rac1 b6 20.b4 Nd7 21.Rxc8 Qxc8 22.Rc1 Qd8
23.d4 Nf8 24.Nf5 Bxf5 25.Qxf5 Qd7 26.Qxd7 Nxd7 27.Rc6 Bb8 28.Bf3 g6 29.Bg4 Rd8
30.Bxd7 Rxd7 31.Rc8+ Kg7 32.Nf6  1-0

[Event "AUT-chT2O 9899"]
[Site "AUT"]
[Date "1999.??.??"]
[Round "9"]
[White "Banas, Jan"]
[Black "Koutsin, Sergey"]
[Result "1/2-1/2"]
[WhiteElo "2425"]
[BlackElo "2415"]

1.Nf3 d5 2.g3 Nf6 3.Bg2 g6 4.b3 Bg7 5.Bb2 O-O 6.c4 c6 7.O-O Re8 8.Qc2 Bg4
9.d3 Nbd7 10.h3 Bxf3 11.Bxf3 e5 12.Bg2 h5 13.Nd2 Rc8 14.b4 Qe7 15.Qb3 e4
16.dxe4 Nxe4 17.Nxe4 Bxb2 18.Qxb2 dxe4 19.c5 Nf6 20.Rad1 Rcd8 21.Qb3  1/2-1/2

[Event "Bagneux"]
[Site "Bagneux"]
[Date "1999.??.??"]
[Round "6"]
[White "Sellos, Didier"]
[Black "Doornbos, Yann"]
[Result "0-1"]
[WhiteElo "2370"]
[BlackElo "2340"]

1.Nf3 d5 2.g3 Bg4 3.Bg2 Nd7 4.c4 e6 5.Qa4 Nf6 6.d4 c6 7.Nbd2 Be7 8.cxd5 exd5
9.h3 Bh5 10.g4 Bg6 11.Nh4 O-O 12.Nxg6 hxg6 13.g5 Nh5 14.Nf3 Bd6 15.h4 Qe7
16.Qc2 c5 17.dxc5 Nxc5 18.O-O Rac8 19.Qd1 Qe4 20.Bd2 Ne6 21.e3 Qg4 22.Rc1 d4
23.Rxc8 Rxc8 24.Nxd4 Qxh4 25.Nf3 Qg4 26.Qb3 Nxg5 27.Nxg5 Qxg5 28.Qxb7 Rc2
29.Bc3 Qh4 30.Qc8+ Kh7 31.Qh3 Qxh3 32.Bxh3 Nf6 33.Bg2 Ng4 34.Bd4 Bh2+ 35.Kh1 Be5
36.Bxa7 Rxb2 37.a4 Ra2 38.f4 Rxa4 39.Bb6 Bd6 40.Bd5 Rb4 41.Bd4 Rxd4 42.exd4 Ne3
43.Rf3 Nxd5 44.f5 g5 45.Rb3 Bf4 46.Rb7 f6 47.Rb5 Ne3 48.Kg1 Kh6 49.Kf2 g4
50.Ke2 Kg5 51.Rb7 Nxf5 52.Rd7 g3 53.Kf1 Kg4  0-1

[Event "ROM-ch sf"]
[Site "Baile Tusnad"]
[Date "1999.??.??"]
[Round "2"]
[White "Istrate, Bogdan"]
[Black "Dumitrache, Dragos"]
[Result "1-0"]
[WhiteElo "2277"]
[BlackElo "2439"]

1.Nf3 d5 2.g3 c6 3.Bg2 Bg4 4.O-O Nd7 5.d4 e6 6.Nbd2 f5 7.c4 Bd6 8.cxd5 exd5
9.Qc2 Nh6 10.Nb3 Qf6 11.Bg5 Qg6 12.Qd2 Nf7 13.Qe3+ Kf8 14.Bf4 Re8 15.Ne5 Nfxe5
16.Bxe5 Nxe5 17.dxe5 Rxe5 18.Qxa7 Bxe2 19.Rfe1 Bb4 20.Rec1 Qf7 21.Nd4 Bd6
22.Re1 Qe8 23.Rxe2 Rxe2 24.Nxe2 Qxe2 25.Qxb7 Bc5 26.Qxc6 Bxf2+ 27.Kh1 Qxb2
28.Rf1 Ke7 29.Bxd5 Rb8 30.Qc7+ Kf6 31.Qd6+ Kg5 32.h4+  1-0

[Event "ROM-ch sf"]
[Site "Baile Tusnad"]
[Date "1999.??.??"]
[Round "6"]
[White "Istrate, Bogdan"]
[Black "Manole, Vasile"]
[Result "1-0"]
[WhiteElo "2277"]
[BlackElo "2347"]

1.Nf3 d5 2.g3 Nf6 3.Bg2 c6 4.O-O Bf5 5.d3 h6 6.Nfd2 e6 7.e4 Bg6 8.Nc3 a5
9.h3 Bc5 10.Kh2 h5 11.Qe2 a4 12.Nf3 Nbd7 13.Nh4 d4 14.Nxg6 fxg6 15.e5 dxc3
16.exf6 Qxf6 17.bxc3 O-O 18.d4 Bd6 19.Bg5 Qf7 20.Be4 Nf6 21.Bd3 Nd5 22.c4 Nf6
23.c3 Nh7 24.Be3 Rfe8 25.Qc2 Nf8 26.c5 Bc7 27.Rab1 Re7 28.Kg1 Ra7 29.Rb4 a3
30.Bg5 Rd7 31.Re1 Kh8 32.Re2 Rd5 33.Bc1 h4 34.Be4 hxg3 35.Bxd5 cxd5 36.Kg2 gxf2
37.Rxf2 Qe8 38.Rb1 Nh7 39.Bf4 Bxf4 40.Rxf4 Nf6 41.Rbf1 Ra6 42.Qb1 e5 43.dxe5 Qxe5
44.Qxg6 Qxc3 45.Rg4 Qd2+ 46.Kh1  1-0

[Event "ATL-ch"]
[Site "Barranquilla"]
[Date "1999.??.??"]
[Round "4"]
[White "Villegas, John"]
[Black "Royett, Gustavo"]
[Result "0-1"]
[WhiteElo "1920"]
[BlackElo "1930"]

1.Nf3 d5 2.g3 Nf6 3.Bg2 e6 4.O-O Bd6 5.d3 b6 6.c3 Bb7 7.Nbd2 c5 8.Re1 Nbd7
9.e4 Qc7 10.Qe2 dxe4 11.dxe4 e5 12.Nh4 g6 13.Nc4 O-O 14.Nxd6 Qxd6 15.Bg5 Qe6
16.Rad1 Rfd8 17.Rd2 Kg7 18.Red1 Qe7 19.Qg4 Qe8 20.Nf5+ Kg8 21.Qh4 gxf5 22.Rxd7 Rxd7
23.Rxd7 Nxd7 24.exf5 Bxg2 25.Bh6 Kh8 26.f6 Nf8 27.Bg7+ Kg8 28.Qh6 Ne6 29.Kxg2 e4
30.h4 Qd7 31.Qh5 Qd3 32.Qg4 Qf3+  0-1

[Event "ATL-ch"]
[Site "Barranquilla"]
[Date "1999.??.??"]
[Round "10"]
[White "Villegas, John"]
[Black "Rincon, Nelson"]
[Result "0-1"]
[WhiteElo "1920"]
[BlackElo "2060"]

1.Nf3 d5 2.g3 Nf6 3.Bg2 e6 4.O-O Be7 5.d3 O-O 6.c3 b6 7.Nbd2 Bb7 8.Re1 Nbd7
9.e4 c5 10.e5 Ne8 11.Nf1 Nc7 12.d4 f6 13.Bf4 f5 14.h4 Re8 15.Ng5 Nf8 16.Qh5 Bxg5
17.hxg5 Qe7 18.Nd2 Qf7 19.Qh3 Rec8 20.Bf3 g6 21.a4 Na6 22.Nb3 c4 23.Nd2 Bc6
24.b4 cxb3 25.Nxb3 Qd7 26.Be2 Nc7 27.a5 Bb5 28.Bf3 Bd3 29.Nc1 Be4 30.Be2 Nb5
31.f3 Bc2 32.Bd2 Nxc3 33.Bxc3 Rxc3 34.axb6 a5 35.Na2 Rcc8 36.Bd1 Qb7 37.Bxc2 Rxc2
38.Reb1 Rc6 39.Qf1 Rxb6 40.Nc3 Rb4 41.Qd3 Qb6 42.Nb5 Rb8 43.Na3 Nd7 44.f4 Qa7
45.Rxb4 Rxb4 46.Nc2 Rc4 47.Qa3 Rxc2 48.Rd1 Qa6 49.Qe7 Nf8 50.Re1 Qd3  0-1

[Event "Oberliga Bayern9899"]
[Site "Bayern"]
[Date "1999.??.??"]
[Round "?"]
[White "Urankar, Hans Peter"]
[Black "Heumann, Joern"]
[Result "1-0"]
[WhiteElo "2175"]
[BlackElo "2050"]

1.g3 d5 2.Nf3 c6 3.Bg2 Bf5 4.b3 Nf6 5.Bb2 e6 6.O-O Be7 7.d3 O-O 8.Nh4 Bg4
9.h3 Bh5 10.g4 Nfd7 11.Nf3 Bg6 12.Nbd2 a5 13.a3 Na6 14.c4 h6 15.Qc2 Bf6 16.Rfe1 Re8
17.Rac1 Bxb2 18.Qxb2 Qe7 19.d4 Rad8 20.e3 Bh7 21.Nh2 Nf6 22.f4 Nc7 23.c5 Nd7
24.Ndf1 f6 25.Qd2 Ra8 26.Ng3 Kh8 27.Nf3 Qf7 28.Rf1 Nb5 29.Qb2 a4 30.b4 Qe7
31.Rfe1 Qd8 32.Bf1 Nc7 33.Qd2 e5 34.f5 Nf8 35.Nh4 Qd7 36.Bd3 Re7 37.Rb1 Ra7
38.Kf2 Bg8 39.Qb2 Bh7 40.b5 cxb5 41.Bxb5 Nxb5 42.Qxb5 Qxb5 43.Rxb5 Kg8 44.Reb1 Kf7
45.Rb6 Ke8 46.Nf3 Bg8 47.Ne2 Bf7 48.Nc3 exd4 49.exd4 Rd7 50.Nb5 Ra8 51.Rxb7 Kd8
52.Nd6 Be8 53.Rb8+ Rxb8 54.Rxb8+  1-0

[Event "Oberliga Bayern9899"]
[Site "Bayern"]
[Date "1999.??.??"]
[Round "?"]
[White "Urankar, Hans Peter"]
[Black "Tiller, Jaroslav"]
[Result "1-0"]
[WhiteElo "2160"]
[BlackElo "2130"]

1.g3 d5 2.Nf3 Nf6 3.Bg2 c6 4.O-O Bg4 5.d3 Nbd7 6.Nbd2 e5 7.h3 Bh5 8.e4 Bd6
9.Qe1 Bxf3 10.Bxf3 O-O 11.Qe2 dxe4 12.dxe4 Re8 13.a4 a5 14.Nc4 Bc5 15.Bd2 Qc7
16.Rfd1 b6 17.Kg2 Nf8 18.Bc3 N6d7 19.Qd3 Ra7 20.Bg4 Ne6 21.Bxe6 Rxe6 22.Rd2 Be7
23.Rad1 Nf8 24.Qe3 Bc5 25.Qg5 f6 26.Qg4 Qe7 27.Rd3 Ra8 28.h4 Re8 29.h5 h6
30.Bd2 Kh7 31.Be3 Bxe3 32.Nxe3 c5 33.c4 Qf7 34.b3 Rc6 35.Rd7 Nxd7 36.Rxd7 Re7
37.Qg6+ Qxg6 38.hxg6+ Kxg6 39.Rxe7 Rd6 40.Rb7  1-0

[Event "Oberliga Bayern9899"]
[Site "Bayern"]
[Date "1999.??.??"]
[Round "?"]
[White "Spitzl, Bertram"]
[Black "Wachinger, Guenther"]
[Result "1/2-1/2"]
[WhiteElo "2135"]
[BlackElo "2195"]

1.g3 d5 2.Nf3 c6 3.Bg2 Nf6 4.O-O Bg4 5.Ne5 Bh5 6.c4 Nbd7 7.d4 e6 8.cxd5 cxd5
9.Nxd7 Qxd7 10.Nc3 Be7 11.Bf4 O-O 12.Rc1 b5 13.a3 a5 14.Na2 Rfc8 15.Rxc8+ Qxc8
16.Qd3 Qc4 17.Qxc4 bxc4 18.Nc3 Bg6 19.Rc1 Ra6 20.Nb5 a4 21.Nc3 Nh5 22.Bd2 f5
23.Na2 Rb6 24.Bb4 Bxb4 25.Nxb4  1/2-1/2

[Event "Oberliga Bayern9899"]
[Site "Bayern"]
[Date "1999.??.??"]
[Round "?"]
[White "Niessen, Helga"]
[Black "Olbrich, Joachim"]
[Result "1/2-1/2"]
[WhiteElo "2070"]
[BlackElo "2145"]

1.Nf3 d5 2.g3 Bf5 3.Bg2 c6 4.d4 e6 5.O-O Be7 6.Nbd2 Nd7 7.c4 Ngf6 8.Qb3 Qb6
9.Qa4 Ne4 10.cxd5 exd5 11.Nxe4 Bxe4 12.Ne5 Bxg2 13.Nxd7 Kxd7 14.Kxg2 Bf6
15.Rd1 Rae8 16.Be3 a6 17.Rac1 Qb5 18.Qc2 Re4 19.Rd3 Qb6 20.Rb3 Qa7 21.Qc5 Qxc5
22.Rxc5 b5 23.Rd3 Rhe8 24.Rcc3 a5 25.a4 bxa4 26.Ra3 Rb8 27.Rxa4 Bd8 28.b3 Rb5
29.f3 Re8 30.Kf2 Bc7 31.Bd2 f5 32.b4 axb4 33.Rxb4 Ra8 34.Rdb3 Rab8 35.Rxb5 cxb5
36.e4 fxe4 37.fxe4 dxe4 38.Ke3 Kc6 39.Kxe4 Re8+ 40.Kd3 Rd8 41.Ke4 Re8+ 42.Kd3 Bd6
43.Ba5 Rb8 44.Bd2 Kd5 45.Bb4 Rf8 46.Bd2 Rb8 47.Bb4 Bc7 48.Rb2 Bb6 49.Bc3 Bd8
50.Bb4 Bf6 51.Bc5 h5 52.Rb1 Rb7 53.Rb2 g6 54.Ra2 Ke6 55.Ke4 b4 56.Rb2 b3
57.Ba3 Rb5 58.Rf2 Rf5 59.Rb2 Rb5 60.Rf2 Bg7 61.Bb2 Rf5 62.Rd2 Rd5 63.Rd3 Rb5
64.Rf3 Rb4 65.Rf2 Bh8 66.Rd2 Rc4 67.Rd3 Rb4 68.Rd2 Bf6 69.Re2 Bg7 70.Rf2 Bh8
71.Kd3 Kd5 72.Rf8 Bg7 73.Rd8+ Ke6 74.Re8+ Kf7 75.Rd8 Bf6 76.Rc8 Bxd4 77.Bxd4 b2
78.Bxb2 Rxb2 79.Rc2 Rxc2 80.Kxc2 Kf6 81.Kd3 Kg5 82.Ke3 Kg4 83.Kf2 Kh3 84.Kg1 h4
85.gxh4 Kxh4 86.Kg2 Kg4 87.Kg1 Kf3 88.Kf1 g5 89.Kg1  1/2-1/2

[Event "Oberliga Bayern9899"]
[Site "Bayern"]
[Date "1999.??.??"]
[Round "?"]
[White "Hochreiter, Josef"]
[Black "Olbrich, Joachim"]
[Result "1-0"]
[WhiteElo "2160"]
[BlackElo "2145"]

1.Nf3 d5 2.g3 c6 3.Bg2 Bg4 4.d3 Nf6 5.O-O e6 6.c4 Nbd7 7.Be3 dxc4 8.dxc4 Bc5
9.Bxc5 Nxc5 10.Nbd2 O-O 11.b4 Bxf3 12.Bxf3 Ncd7 13.Rb1 Ne5 14.Bg2 Qd7 15.Qc2 Rad8
16.Rfd1 Qd4 17.c5 Nd5 18.Ne4 Qc4 19.Qb2 Nd7 20.Nd6 Qc3 21.Nxb7 Rb8 22.Bxd5 Qxb2
23.Rxb2 exd5 24.Na5 Rfc8 25.Rbb1 f5 26.Nc4 dxc4 27.Rxd7 Rd8 28.Rxd8+ Rxd8
29.Rc1 Rd2 30.Rxc4 Rxe2 31.a4 a6 32.b5 axb5 33.axb5 cxb5 34.Rb4 Rc2 35.Rxb5 Kf7
36.Rb7+ Kf6 37.Rc7 h6 38.c6 g5 39.Kg2 h5 40.Kf3 Ke5 41.Rc8 Rc3+ 42.Ke2 g4
43.c7 Kd6 44.Rf8 Rxc7 45.Rxf5 Rh7 46.Ke3 Ke6 47.Kf4 Rh8 48.Rg5 Kf6 49.Ra5 Ke6
50.Ra6+ Kd5 51.Kg5 Ke4 52.Rh6 Rg8+ 53.Kxh5 Kf5 54.Rh7 Rf8 55.Kh4 Kg6 56.Rh5 Rxf2
57.Kxg4 Ra2 58.Rg5+ Kh6 59.h4  1-0

[Event "Oberliga Bayern9899"]
[Site "Bayern"]
[Date "1999.??.??"]
[Round "?"]
[White "Geberl, Hans Walter"]
[Black "Stocker, Andreas"]
[Result "0-1"]
[WhiteElo "2085"]
[BlackElo "2090"]

1.Nf3 d5 2.g3 c6 3.Bg2 e6 4.O-O Bd6 5.d3 Nf6 6.Nbd2 O-O 7.e4 Nbd7 8.Qe2 Qc7
9.b3 Re8 10.Bb2 dxe4 11.dxe4 e5 12.Nh4 Nc5 13.Nf5 Bf8 14.Qe3 b6 15.Qg5 Bxf5
16.exf5 Rad8 17.Nc4 b5 18.Nxe5 Rxe5 19.f4 Re2 20.Bxf6 Rdd2 21.Bf3 Ne4 22.Bxe4 Qb6+  0-1

[Event "Oberliga Bayern9899"]
[Site "Bayern"]
[Date "1999.??.??"]
[Round "?"]
[White "Frobenius, Wolfram"]
[Black "Schoellmann, Jochen"]
[Result "1-0"]
[WhiteElo "2130"]
[BlackElo "2250"]

1.Nf3 d5 2.g3 Nf6 3.Bg2 c6 4.O-O Bg4 5.h3 Bh5 6.d3 Nbd7 7.Nbd2 e6 8.e4 dxe4
9.dxe4 Bc5 10.Qe2 O-O 11.e5 Ne8 12.Ne4 Be7 13.g4 Bg6 14.Ng3 a5 15.a4 Qb8
16.Rd1 Nb6 17.h4 h6 18.h5 Bh7 19.c4 Nc7 20.g5 hxg5 21.Bxg5 Bxg5 22.Nxg5 Rd8
23.Be4 Bxe4 24.Qxe4 Ne8 25.h6 Rxd1+ 26.Rxd1 g6 27.h7+ Kh8 28.Nxf7+ Kxh7 29.Ng5+ Kg7
30.Qf4 Qc7 31.Nxe6+  1-0

[Event "Oberliga Bayern9899"]
[Site "Bayern"]
[Date "1999.??.??"]
[Round "?"]
[White "Frobenius, Wolfram"]
[Black "Pitschka, Claus"]
[Result "1-0"]
[WhiteElo "2130"]
[BlackElo "2215"]

1.Nf3 d5 2.g3 c6 3.Bg2 Nf6 4.O-O Bg4 5.h3 Bh5 6.d3 Nbd7 7.Nbd2 e5 8.e4 dxe4
9.dxe4 Bc5 10.Qe1 Qe7 11.a3 a5 12.b3 O-O 13.Bb2 b5 14.Kh1 Ne8 15.Nh4 Nd6
16.Nf5 Qe6 17.g4 Bg6 18.Qe2 f6 19.Rfd1 Rfd8 20.Nf1 Nf8 21.Rd3 a4 22.Rad1 axb3
23.cxb3 Nb7 24.b4 Bb6 25.h4 Qe8 26.g5 Ne6 27.Bc1 fxg5 28.Bxg5 Nxg5 29.hxg5 Rxd3
30.Rxd3 Rd8 31.N1e3 Rxd3 32.Qxd3 Bd8 33.Qc2 Bxg5 34.a4 bxa4 35.Qxa4 h6 36.Qa7 Nd8
37.Qxg7+  1-0

[Event "Regionalliga NW9899"]
[Site "Bayern"]
[Date "1999.??.??"]
[Round "?"]
[White "Sickenberger, Manfred"]
[Black "Lang, James"]
[Result "1/2-1/2"]
[WhiteElo "2070"]
[BlackElo "2070"]

1.Nf3 d5 2.g3 c5 3.Bg2 Nc6 4.d3 e6 5.O-O Bd6 6.Nc3 Nge7 7.e4 O-O 8.a4 d4
9.Nb5 Bb8 10.Bd2 Bd7 11.Nh4 f6 12.f4 Be8 13.Qg4 Bf7 14.Na3 Kh8 15.Nc4 Bc7
16.Qh3 Qd7 17.g4 Rae8 18.e5 f5 19.Rae1 Bb8 20.Re2 fxg4 21.Qxg4 Nf5 22.Be4 Nce7
23.Rg2 g6 24.Rf3 Rg8 25.Rh3 Nd5 26.Nf3 Rg7 27.Ng5 Bc7 28.b3 Bd8 29.Qf3  1/2-1/2

[Event "Regionalliga NW9899"]
[Site "Bayern"]
[Date "1999.??.??"]
[Round "?"]
[White "Leyh, Martin"]
[Black "Bachmann, Wolfgang"]
[Result "1-0"]
[WhiteElo "1840"]
[BlackElo "1970"]

1.Nf3 d5 2.g3 Nf6 3.Bg2 c6 4.O-O Bg4 5.d3 Nbd7 6.Nbd2 e6 7.b3 Bc5 8.Bb2 O-O
9.e4 dxe4 10.dxe4 e5 11.h3 Bxf3 12.Bxf3 Qe7 13.Qe2 Rfd8 14.Nc4 Ne8 15.Rad1 g6
16.h4 Ng7 17.Ne3 Nf6 18.Ng4 Nxg4 19.Bxg4 Bb6 20.h5 gxh5 21.Bxh5 Qg5 22.Bf3 Qxg3+
23.Kh1 Qh4+ 24.Kg2 Rxd1 25.Rxd1 Ne6 26.Rg1 Nd4 27.Bxd4 Bxd4 28.Kf1+ Kh8 29.Rh1 Qf4
30.Rh3 Rd8 31.Bg4 Bxf2 32.Qxf2 Qxf2+ 33.Kxf2 Rd2+ 34.Ke1 Rxc2 35.Bf5 Rxa2
36.Bxh7 Kg7 37.Bf5 a5 38.Bc8 b6 39.Bb7 Rc2 40.Kd1 Rc5 41.Kd2 b5 42.Rc3 Rxc3
43.Kxc3 c5 44.Bc6 c4 45.bxc4 bxc4 46.Kxc4 Kg6 47.Bd7 f6 48.Be6 Kg5 49.Kb5 Kf4
50.Bf5 Ke3 51.Kxa5 Kf4 52.Kb5 Kg5 53.Kc5  1-0

[Event "Regionalliga SO9899"]
[Site "Bayern"]
[Date "1999.??.??"]
[Round "?"]
[White "Zenker, Ulrich"]
[Black "Pollinger, Michael"]
[Result "1-0"]
[WhiteElo "2185"]
[BlackElo "2080"]

1.Nf3 d5 2.g3 c6 3.Bg2 Bg4 4.h3 Bh5 5.b3 Nd7 6.Bb2 Ngf6 7.d3 e6 8.Nbd2 Be7
9.O-O O-O 10.Qe1 a5 11.a3 a4 12.b4 c5 13.b5 c4 14.dxc4 Rc8 15.cxd5 Rxc2 16.Qb1 Bg6
17.e4 Rc5 18.dxe6 fxe6 19.Qa2 Rxb5 20.Nd4 Rb6 21.Nc4 Ra6 22.e5 Ne4 23.Nd6 Ndc5
24.Nxe6 Nxe6 25.Qxe6+ Kh8 26.Bxe4 Bxe4 27.Nf7+ Rxf7 28.Qxf7 Bg6 29.Qf4 Rb6
30.Rfd1 Qe8 31.Qd4 Rb3 32.Rac1 Qf8 33.Rd2 Bg5 34.f4 Rxg3+ 35.Rg2 Rd3 36.Qxa4 Bxf4
37.Qxf4 Qd8 38.Rf1  1-0

[Event "Regionalliga SO9899"]
[Site "Bayern"]
[Date "1999.??.??"]
[Round "?"]
[White "Haselbeck, Franz"]
[Black "Juettner, Andreas"]
[Result "0-1"]
[WhiteElo "1960"]
[BlackElo "1980"]

1.Nf3 d5 2.g3 Bg4 3.Bg2 Nc6 4.O-O Qd7 5.d3 O-O-O 6.c3 e5 7.b4 Bd6 8.a4 h5
9.Nbd2 f6 10.a5 Bh3 11.b5 Nce7 12.b6 a6 13.bxc7 Bxc7 14.Qa4 Nc6 15.Nb3 Bxg2
16.Kxg2 Bd6 17.h4 f5 18.Be3 f4 19.Bc5 fxg3 20.fxg3 Nf6 21.Ng5 Bb8 22.Bb6 e4
23.Nc5 Qg4 24.Rxf6 Qxg3+ 25.Kf1 gxf6 26.Nf7 Rdg8 27.Nxa6 e3 28.Bxe3 Qxe3
29.Ng5 fxg5 30.Ke1 gxh4 31.Kd1 Bf4 32.Kc2 Rg2 33.Nb4 Rxe2+ 34.Kb3 Nxb4 35.Qxb4 Qd2
36.Qc5+ Kb8 37.Ra3 Rc8 38.Qxd5 Rxc3+ 39.Ka4 Qc2+ 40.Kb4 Qb2+ 41.Rb3 Rxb3+  0-1

[Event "Regionalliga NW9899"]
[Site "Bayern"]
[Date "1999.??.??"]
[Round "?"]
[White "Hauck, Juergen"]
[Black "Wambach, Juergen"]
[Result "1-0"]
[WhiteElo "1875"]
[BlackElo "2000"]

1.Nf3 d5 2.g3 Nf6 3.Bg2 e6 4.O-O c5 5.d3 Nc6 6.Nbd2 Be7 7.e4 O-O 8.c3 d4
9.cxd4 Nxd4 10.Nxd4 Qxd4 11.Nf3 Qd7 12.Qb3 b6 13.Rd1 Bb7 14.Bf4 Rfd8 15.Be5 Bc6
16.a4 Qb7 17.Bc3 Nd7 18.Nd2 Bf6 19.Nc4 Bd4 20.Bh3 Qc7 21.Bxd4 cxd4 22.f4 Nc5
23.Qc2 a5 24.Ne5 Rac8 25.b3 Bb7 26.Nc4 Na6 27.Rac1 Nc5 28.Qb2 Ba6 29.e5 Bxc4
30.Rxc4 Qd7 31.Bf1 f6 32.exf6 gxf6 33.Rdc1 Qd5 34.Qe2 Qf5 35.b4 axb4 36.Rxb4 Rc6
37.Rb5 Rcd6 38.Rcb1 e5 39.a5 exf4 40.axb6 fxg3 41.hxg3 Rd5 42.b7 Rb8 43.Bg2 Re5
44.Qf3 Qxf3 45.Bxf3 Kf8 46.Rc1 Na6 47.Rc8+ Ke7 48.Rb6 Re3  1-0

[Event "Regionalliga NW9899"]
[Site "Bayern"]
[Date "1999.??.??"]
[Round "?"]
[White "Braun, Siegmund"]
[Black "Sadeghi, Behrang"]
[Result "0-1"]
[WhiteElo "2035"]
[BlackElo "2095"]

1.Nf3 d5 2.g3 c5 3.Bg2 Nc6 4.d4 Nf6 5.O-O e6 6.c4 cxd4 7.Nxd4 Bc5 8.Nxc6 bxc6
9.Nc3 O-O 10.Bg5 h6 11.Bf4 Re8 12.Be5 Nd7 13.Bd4 Bf8 14.f4 Nb6 15.cxd5 exd5
16.e4 c5 17.Bf2 d4 18.Nd5 Nxd5 19.exd5 Bb7 20.Qf3 Qd7 21.b4 Red8 22.bxc5 Bxc5
23.Rfd1 Bxd5 24.Qxd5 Qxd5 25.Bxd5 Rxd5 26.Rac1 Rad8 27.Rd3 Bb6 28.Kg2 f5
29.h3 Kf7 30.Kf3 Rc5 31.Rcd1 Rc4 32.g4 g6 33.Rb3 Ke6 34.Re1+ Kd6 35.Rd3 Rc3
36.Rxc3 dxc3 37.Bxb6 axb6 38.Rd1+ Kc7 39.Rxd8 Kxd8 40.Ke3 fxg4 41.hxg4 h5  0-1

[Event "Regionalliga NO9899"]
[Site "Bayern"]
[Date "1999.??.??"]
[Round "?"]
[White "Schwab, Edgar"]
[Black "Boca, Harald"]
[Result "0-1"]
[WhiteElo "1965"]
[BlackElo "1965"]

1.Nf3 d5 2.g3 Nf6 3.Bg2 c5 4.d4 Nc6 5.O-O Bf5 6.c3 e6 7.Bg5 Be7 8.dxc5 Bxc5
9.Nd4 Bxd4 10.cxd4 h6 11.Bxf6 Qxf6 12.e3 O-O 13.Qb3 Rab8 14.Nc3 Qg6 15.Rac1 h5
16.h4 Kh8 17.Kh2 Rg8 18.Qd1 Qh7 19.Bf3 g5 20.hxg5 Rxg5 21.Rh1 Rbg8 22.Bxh5 Rxh5+
23.Qxh5 Qxh5+ 24.Kg2 Qxh1+ 25.Rxh1+ Kg7 26.a3 Na5 27.Nb5 a6 28.Nd6 Rd8 29.Nxf5+ exf5
30.Rc1 Rd7 31.Kf3 Nc4 32.Rc2 Kf6 33.Kf4 Ke6 34.a4 f6 35.b3 Nd6 36.Kf3 Rh7
37.Kg2 Rh8 38.Rc7 Rc8 39.Rxc8 Nxc8 40.Kf3 Nd6 41.Kf4 Ne4 42.f3 Nd2 43.b4 b5
44.axb5 axb5 45.g4 fxg4 46.Kxg4 Nc4 47.Kf4 Na3 48.e4 Nc2 49.exd5+  0-1

[Event "Regionalliga NO9899"]
[Site "Bayern"]
[Date "1999.??.??"]
[Round "?"]
[White "Radeck, Kurt"]
[Black "Schlosberg, Mikhail Sr"]
[Result "1-0"]
[WhiteElo "1935"]
[BlackElo "1865"]

1.Nf3 d5 2.g3 Nf6 3.Bg2 c5 4.d3 Nc6 5.Nbd2 Bg4 6.h3 Bf5 7.c4 d4 8.Qa4 Bd7
9.Ng5 Nb4 10.Qd1 Bc6 11.Ngf3 g6 12.a3 Na6 13.Rb1 b6 14.b4 Bb7 15.O-O Qc7
16.b5 Nb8 17.Re1 Bh6 18.Nf1 Bxc1 19.Qxc1 Nbd7 20.e3 Qd6 21.Qb2 O-O-O 22.exd4 cxd4
23.Qxd4 Qxd4 24.Nxd4 Bxg2 25.Kxg2 Nc5 26.Nc6 Rxd3 27.Rxe7 Rd7 28.Rbe1 Kb7
29.Rxd7+ Nfxd7 30.Re7 Rf8 31.Ne3 a5 32.Ng4 Kc7 33.Nf6 h5 34.Ne8+ Kb7 35.Nd6+ Kc7
36.Nxf7 Nd3 37.f4 a4 38.Nfe5 Nxe5 39.Nxe5 Kd6 40.Rxd7+ Kc5 41.Rd5+  1-0

[Event "Regionalliga NO9899"]
[Site "Bayern"]
[Date "1999.??.??"]
[Round "?"]
[White "Kustar, Sandor"]
[Black "Wasl, Ernst"]
[Result "1-0"]
[WhiteElo "2395"]
[BlackElo "2035"]

1.Nf3 d5 2.g3 c6 3.Bg2 e6 4.d3 f5 5.Nbd2 Nf6 6.O-O Bc5 7.e3 O-O 8.Qe2 b6
9.b3 Qd6 10.a3 a5 11.d4 Bxd4 12.exd4 Ba6 13.c4 Ne4 14.Bb2 a4 15.b4 Nd7 16.Rac1 g5
17.b5 g4 18.bxa6 gxf3 19.Nxf3  1-0

[Event "Regionalliga NO9899"]
[Site "Bayern"]
[Date "1999.??.??"]
[Round "?"]
[White "Kern, Ludwig"]
[Black "Mottinger, Adolf"]
[Result "0-1"]
[WhiteElo "1985"]
[BlackElo "1850"]

1.Nf3 d5 2.g3 Nf6 3.Bg2 e6 4.O-O Be7 5.d3 O-O 6.Nc3 c5 7.h3 Nc6 8.Bd2 d4
9.Ne4 Nxe4 10.dxe4 e5 11.Ne1 f5 12.f4 fxe4 13.Bxe4 Bxh3 14.Rf2 Bf5 15.Bxf5 Rxf5
16.g4 Rf7 17.f5 e4 18.Bf4 Bg5 19.Ng2 Bxf4 20.Rxf4 Qd5 21.Qe1 Re8 22.Qh4 d3
23.cxd3 exd3 24.exd3 Qxd3 25.Raf1 Nd4 26.R4f2 Ne2+ 27.Kh2 Qd6+ 28.Kh3 Re4
29.Rf3 Rf6 30.Qf2 Rh6+ 31.Nh4 Nd4 32.Re3 Rxe3+ 33.Qxe3 Qd8 34.g5 Rd6 35.Qe4 Nc6
36.Nf3 b6 37.Re1 Kf8 38.Kg2 Nd4 39.f6 Nxf3 40.Kxf3 Rd3+ 41.Kg2 Rd2+ 42.Kf3 Qd3+
43.Qxd3 Rxd3+ 44.Ke4 Rd4+ 45.Kf5 gxf6 46.gxf6 Rd7 47.Ke6 Rd2 48.Rh1 Re2+
49.Kf5 Rf2+ 50.Ke6 Re2+ 51.Kf5 Rxb2 52.Rxh7 Rxa2 53.f7 Ke7 54.Kg6 Rf2 55.f8=Q+ Kxf8
56.Rxa7 Ke8 57.Rb7 Rb2 58.Kf6 Kd8 59.Ke6 Kc8 60.Rh7 Rd2 61.Ke5 Rd7 62.Rh6 Kc7
63.Rg6 c4 64.Ke4 Rd6 65.Rg5 Kc6 66.Rg8 Kc5 67.Rc8+ Kb4  0-1

[Event "Regionalliga SW9899"]
[Site "Bayern"]
[Date "1999.??.??"]
[Round "?"]
[White "Schamberger, Alfons"]
[Black "Lux, Werner"]
[Result "1-0"]
[WhiteElo "2060"]
[BlackElo "1860"]

1.Nf3 d5 2.g3 c5 3.Bg2 Nc6 4.O-O e5 5.d3 Bd6 6.e4 d4 7.Nh4 g5 8.Nf5 Bxf5
9.exf5 h5 10.Nd2 f6 11.Ne4 Qd7 12.c3 O-O-O 13.b4 cxb4 14.cxb4 Kb8 15.Ba3 Nce7
16.Rb1 Rc8 17.Qb3 b6 18.Nc5 Bxc5 19.bxc5 Nxf5 20.cxb6 a6 21.Rfc1 Nge7 22.Rc7 Rxc7
23.bxc7+ Kxc7 24.Qb6+  1-0

[Event "Landesliga Sued 9899"]
[Site "Bayern"]
[Date "1999.??.??"]
[Round "?"]
[White "Egger, Thomas"]
[Black "Ploehn, Heiko"]
[Result "1/2-1/2"]
[WhiteElo "2305"]
[BlackElo "2165"]

1.Nf3 d5 2.g3 c6 3.Bg2 Bg4 4.O-O Nd7 5.d4 e6 6.Bf4 f5 7.Ne5 Ngf6 8.c4 Be7
9.Nc3 O-O 10.Nxg4 Nxg4 11.cxd5 exd5 12.f3 Ngf6 13.e4 Qb6 14.Na4 Qb4 15.a3 Qb5
16.exf5 Nb6 17.Nxb6 Qxb6 18.Re1 Rae8 19.Qd2 Nd7 20.Rad1 Bf6 21.Re6 Ne5 22.Bxe5 Bxe5
23.f4 Bf6 24.Bxd5 Rxe6 25.Bxe6+ Kh8 26.Kg2 Rd8 27.d5 cxd5 28.g4 Qxb2 29.Qxb2 Bxb2
30.Rb1 Bxa3 31.Rxb7 Bc5 32.Bxd5 h5 33.Be6 hxg4 34.Kg3 Rd2 35.Rb8+ Kh7 36.Bg8+ Kh6
37.Bf7 g5 38.fxg6 Bg1 39.Kxg4 Rxh2 40.Kf5 Bd4 41.Rd8 Bg7 42.Rd3 a5 43.Be8 Rh4
44.Rf3 Bb2 45.Ba4 Bc1 46.Be8 a4 47.Rc3 Rxf4+ 48.Ke6 Bb2 49.Rh3+ Kg7  1/2-1/2

[Event "JUG-ch"]
[Site "Belgrade"]
[Date "1999.??.??"]
[Round "6"]
[White "Drasko, Milan"]
[Black "Ilincic, Zlatko"]
[Result "1/2-1/2"]
[WhiteElo "2505"]
[BlackElo "2575"]

1.Nf3 d5 2.g3 c5 3.Bg2 Nc6 4.d4 cxd4 5.Nxd4 e5 6.Nxc6 bxc6 7.c4 Be6 8.Nc3 e4
9.Qa4 Qd7 10.cxd5 cxd5 11.Qxd7+ Kxd7 12.Be3 f5 13.g4 Ne7 14.gxf5 Nxf5 15.O-O-O Nxe3
16.fxe3 Rc8 17.Bxe4 Bb4 18.Bxd5 Bxc3 19.Bb7+ Bd2+ 20.Kb1 Rc5 21.Rxd2+ Ke7
22.e4 Rf8 23.Bd5 Rf2 24.h4 Bxd5 25.exd5 Kd6 26.h5 Rxd5 27.Rxd5+ Kxd5 28.Rg1 Rf7
29.Kc2 Ke4 30.b4 Rc7+ 31.Kb3 Kf5 32.a4 g5 33.hxg6 hxg6 34.b5 g5 35.Kb4 g4
36.a5 Kf4 37.b6 axb6 38.axb6 Rc2 39.Rg2 Rc1 40.Ka5 Rb1 41.Ka6 g3 42.b7 Kg4
43.e4 Kf3 44.Rxg3+ Kxg3 45.e5 Ra1+ 46.Kb6 Rb1+ 47.Kc7 Rc1+ 48.Kd7 Rd1+ 49.Kc8 Rc1+
50.Kb8 Re1 51.Kc7  1/2-1/2

[Event "Berlin"]
[Site "Berlin"]
[Date "1999.??.??"]
[Round "1"]
[White "Mirumian, Vigen"]
[Black "Rabiega, Robert"]
[Result "0-1"]
[WhiteElo "2505"]
[BlackElo "2475"]

1.Nf3 d5 2.g3 Bg4 3.Bg2 Nd7 4.O-O e6 5.d3 Bd6 6.Nbd2 Ne7 7.c4 O-O 8.b3 c6
9.Bb2 Re8 10.a3 a5 11.Qc2 e5 12.Rac1 d4 13.Ne4 Bc7 14.b4 Nf8 15.Rfe1 h6 16.Qb1 Ne6
17.e3 axb4 18.axb4 dxe3 19.Nxe5 exf2+ 20.Nxf2 Bh5 21.Kh1 Nd4 22.Re4 Nb3 23.Rh4 Bxe5
24.Bxe5 Ng6 25.Rxh5 Nxc1 26.Bb2  0-1

[Event "Berlin"]
[Site "Berlin"]
[Date "1999.??.??"]
[Round "2"]
[White "Romanishin, Oleg M"]
[Black "Slobodjan, Roman"]
[Result "0-1"]
[WhiteElo "2565"]
[BlackElo "2550"]

1.Nf3 d5 2.g3 c6 3.Bg2 Bg4 4.Ne5 Bh5 5.d4 Nd7 6.Nd3 Bg6 7.O-O Ngf6 8.Bf4 Qb6
9.c3 e6 10.Qb3 Be4 11.Nd2 Bxg2 12.Kxg2 Be7 13.a4 Nh5 14.Be3 O-O 15.Qxb6 axb6
16.b4 Ra7 17.Nb3 Rfa8 18.a5 Bd8 19.Rfb1 bxa5 20.bxa5 h6 21.f3 Nhf6 22.Bf2 Ne8
23.Ne5 Nb8 24.Nd3 Nd6 25.Ndc5 Nc4 26.g4 Kf8 27.Bg3 Ke8 28.h4 Nd7 29.h5 Bxa5
30.Nxd7 Kxd7 31.Nxa5 Nxa5 32.Be5 f6 33.Bf4 b5 34.e4 Nc4 35.Rxa7+ Rxa7 36.e5 Ke7
37.exf6+ Kxf6 38.Kg3 Ra3 39.Rc1 e5 40.dxe5+ Nxe5 41.Be3 b4 42.Re1 Nd3 43.Bd4+ Kf7
44.Re3 b3 45.c4 dxc4 46.f4 Ra5  0-1

[Event "Berlin"]
[Site "Berlin"]
[Date "1999.??.??"]
[Round "4"]
[White "Lagunow, Alexander"]
[Black "Slobodjan, Roman"]
[Result "1/2-1/2"]
[WhiteElo "2435"]
[BlackElo "2550"]

1.Nf3 d5 2.g3 g6 3.Bg2 Bg7 4.d4 Nf6 5.O-O O-O 6.c4 dxc4 7.Na3 Nc6 8.Nxc4 Be6
9.b3 Bd5 10.Bb2 a5 11.e3 a4 12.Qe2 e6 13.Rfd1 Re8 14.Ncd2 Ne4 15.Nxe4 Bxe4
16.Bf1 Nb4 17.Ne1  1/2-1/2